| 000 | 00641nam a2200241Ia 4500 | ||
|---|---|---|---|
| 003 | OSt | ||
| 005 | 20221007082249.0 | ||
| 006 | a|||||r|||| 00| 0 | ||
| 007 | ta | ||
| 008 | 221006b |||||||| |||| 00| 0 eng d | ||
| 024 | _a17,611 | ||
| 037 | _cReports / Technical Reports | ||
| 040 |
_aFLL _cFLL _beng |
||
| 041 |
_2eng _aeng |
||
| 082 | _aX9W.2.N6t, K7 | ||
| 110 | _aGovt. of India | ||
| 245 | 0 | _aReport of the study team on public sector undertakings | |
| 260 | _c1967 | ||
| 300 |
_a326p _ccm. |
||
| 700 | _aGovt. of India | ||
| 942 |
_hX9W.2.N6t, K7 _cREP _2CC |
||
| 999 |
_c1165854 _d1165854 |
||